| 000 | 00822cam a22002291 4500 | ||
|---|---|---|---|
| 001 | gs 28000258 | ||
| 003 | DLC | ||
| 005 | 20260227111332.0 | ||
| 008 | 780124s1928 xx 000 0 eng c | ||
| 010 | _ags 28000258 | ||
| 035 | _a(OCoLC)3577607 | ||
| 040 |
_aLibrary, U.S. Geological _cOT _dABAU _dDLC |
||
| 050 | 0 | 0 |
_aQE129 _b.A2 no. 21 |
| 100 | 1 |
_aGrim, Ralph E. _q(Ralph Early), _d1902- |
|
| 245 | 1 | 0 |
_aRecent oil and gas prospecting in Mississippi with a brief study of subsurface geology, _cby Ralph E. Grim. |
| 260 |
_a[University, Miss.] _c1928. |
||
| 300 |
_a98 p. incl. maps, tables, diagrs. _b2 fold. pl. (diagrs.) _c23 cm. |
||
| 490 | 0 |
_aMississippi. State geological survey. Bulletin _vno. 21 |
|
| 504 | _aBibliographical references. | ||
| 650 | 0 |
_aGeology _zMississippi. |
|
| 650 | 0 |
_aPetroleum _zMississippi. |
|
| 999 |
_c26653 _d26653 |
||